KOHA-Header-6

The Art and Science of Entrepreneurship (Record no. 13925)

000 -LEADER
fixed length control field 00296nam a22001217a 4500
020 ## - INTERNATIONAL STANDARD BOOK NUMBER
ISBN 9789811238420
082 ## - DEWEY DECIMAL CLASSIFICATION NUMBER
Classification number 658
100 ## - MAIN ENTRY--AUTHOR NAME
Personal name Inderjit Singh Dhaliwal
245 ## - TITLE STATEMENT
Title The Art and Science of Entrepreneurship
260 ## - PUBLICATION, DISTRIBUTION, ETC. (IMPRINT)
Place of publication Singapore
Name of publisher World Scientific
Year of publication 2022
300 ## - PHYSICAL DESCRIPTION
Number of Pages 494 pages
942 ## - ADDED ENTRY ELEMENTS (KOHA)
Koha item type Books
Holdings
Withdrawn status Lost status Collection code Permanent Location Current Location Shelving location Date acquired Full call number Accession Number Koha item type
    Management MAJU MAJU Shelf No.A-6 2024-05-29 658 11022 Books

Powered by Koha